|
|
|
|
| LEADER |
00000nab a2200000 ar4500 |
| 001 |
vtls009279633 |
| 003 |
SK-MaSNL |
| 005 |
20260319070721.0 |
| 008 |
080328c2008 xo |||||||| 000 b|hun |
| 015 |
|
|
|a SNBRB2008/03
|2 snkbucl
|
| 038 |
|
|
|a SNKBUCL
|
| 040 |
|
|
|a DSZK
|b slo
|c DSZK
|e AACR2
|
| 041 |
0 |
|
|a hun
|
| 044 |
|
|
|a xo
|c SK
|
| 080 |
|
|
|a 797.21.093.1
|x (4)
|2 2001
|
| 245 |
0 |
0 |
|a Hosszú Katinka szép sikere
|b Eindhovenben "viezes" Európa-bajnokság zajlott
|c [ZOL-LÁ]
|
| 300 |
|
|
|b Fotogr.
|
| 611 |
2 |
7 |
|a Majstrovstvá Európy v plávaní
|n (29. :
|d 2008 :
|c Eindhoven, Holandsko)
|2 snkbucl
|9 1042705
|
| 773 |
0 |
|
|t Szabad újság
|g Évf. XVI, sz. 13 (2008), o. 23
|x 1335-6631
|
| 852 |
|
|
|a SNK
|b KIS3GCP
|
| 852 |
|
|
|a DSZK
|b KIS3GCP
|
| 958 |
|
|
|a HU
|
| 958 |
|
|
|a SK
|
| 999 |
|
|
|c 1715744
|d 1717674
|